Statistics for World Chess Champions / Schachweltmeister

Click here to take the quiz!

General Stats

  • This quiz has been taken 107 times
  • The average score is 14 of 19

Answer Stats

HintAnswer% Correct
1985 - 2000Garry Kasparov
97%
1975 - 1985Anatoly Karpow
95%
2013 -Magnus Carlsen
91%
2007 - 2013Viswanathan Anand
91%
1972 - 1975Bobby Fischer
90%
2000 - 2007Vladimir Kramnik
83%
1960 - 1961Michail Tal
79%
1921 - 1927Jose Raul Capablanca
78%
1886 - 1894Wilhelm Steinitz
76%
1969 - 1972Boris Spasski
75%
1894 - 1921Emanuel Lasker
74%
1961 - 1963Michail Botwinnik
72%
1935 - 1937Max Euwe
68%
1937 - 1948Alexander Aljechin
67%
1927 - 1935Alexander Aljechin
67%
1963 - 1969Tigran Petrosjan
67%
1958 - 1960Michail Botwinnik
60%
1948 - 1957Michail Botwinnik
60%
1957 - 1958Wassili Smyslow
58%

Score Distribution

Percentile by Number Answered

Percent of People with Each Score

Your Score History

You have not taken this quiz